La génesis del pensamiento filosófico de Marx : (Record no. 80803)

MARC details
000 -LEADER
campo de control de longitud fija 00866nam a2200253 i 4500
001 - NÚMERO DE CONTROL
campo de control 80803
003 - IDENTIFICADOR DE NÚMERO DE CONTROL
campo de control ES-MaACL
005 - FECHA Y HORA DE LA ÚLTIMA TRANSACCIÓN
campo de control 20250329173411.0
007 - CAMPO FIJO DE DESCRIPCIÓN FÍSICA--INFORMACIÓN GENERAL
campo de control de longitud fija t|
008 - DATOS DE LONGITUD FIJA--INFORMACIÓN GENERAL
campo de control de longitud fija 041029s1974 sp ||||1| spa d
080 ## - NÚMERO DE LA CLASIFICACIÓN DECIMAL UNIVERSAL
Número de la Clasificación Decimal Universal 1 Marx, Karl
100 1# - ENTRADA PRINCIPAL--NOMBRE DE PERSONA
Nombre de persona Hook, Sidney.
9 (RLIN) 64148
245 13 - MENCIÓN DEL TÍTULO
Título La génesis del pensamiento filosófico de Marx :
Resto del título (de Hegel a Feuerbach) /
Mención de responsabilidad, etc. Sidney Hook ; [traducción de Jacobo Muñoz y Josep Puig].
250 ## - MENCION DE EDICION
Mención de edición 1ª ed.
260 ## - PUBLICACIÓN, DISTRIBUCIÓN, ETC.
Lugar de publicación, distribución, etc. [Barcelona] :
Nombre del editor, distribuidor, etc. Barral,
Fecha de publicación, distribución, etc. 1974.
300 ## - DESCRIPCIÓN FÍSICA
Extensión 381 p. ;
Dimensiones 20 cm.
490 1# - MENCIÓN DE SERIE
Mención de serie Breve biblioteca de respuesta ;
Designación de volumen o secuencia 116
600 14 - PUNTO DE ACCESO ADICIONAL DE MATERIA--NOMBRE DE PERSONA
Nombre de persona Marx, Karl,
Fechas asociadas al nombre 1818-1883-
Subdivisión general Crítica e interpretación
9 (RLIN) 78591
700 1# - ENTRADA AGREGADA--NOMBRE PERSONAL
Nombre de persona Muñoz, Jacobo.
9 (RLIN) 137824
700 1# - ENTRADA AGREGADA--NOMBRE PERSONAL
Nombre de persona Puig Montada, Josep.
9 (RLIN) 174502
830 1# - PUNTO DE ACCESO ADICIONAL DE SERIE-TÍTULO UNIFORME
Título uniforme Breve biblioteca de respuesta
Designación de volumen o secuencia 116
9 (RLIN) 183536
852 4# - LOCALIZACIÓN
Ubicación ES-MaACL
Número de control de estantería E-6137
Holdings
Estatus retirado Estado de pérdida Estado de daño No para préstamo Biblioteca de origen Biblioteca actual Ubicación en estantería Fecha de adquisición Fuente de adquisición Total de préstamos Signatura topográfica completa Código de barras Visto por última vez Precio de reemplazo Tipo de ítem Koha
        Biblioteca del Ateneo de Madrid Biblioteca del Ateneo de Madrid Depósito 2 17/01/2008     E-6137 1084478 23/02/2023 23/02/2023 Libro impreso